Регионална библиотека "Любен Каравелов" - Русе

Wizards (Запис номер 181223)

MARC детайли
000 -Лидер
Контролно поле с фиксирана дължина 00826nam a2200301 c 4500
003 - Код на организацията, давaща контролен номер
Контролно поле BLK
005 - Дата и час на последна редакция
Контролно поле 20250710124637.0
008 - Елементи от данни с фиксирана дължина
fixed length control field 180411b bul|||||r ||||||| ||bul||
010 ## - Наследен системен номер
LC control number KNG00190116000
040 ## - Източник на каталожния запис
Идентификатор на билиотеката - собственик на записа BLK
041 ## - Код за език
Код за езика на текст/звукозапис или на отделно заглавие Български
Код за езика КДБФ Английски
080 ## - УДК
Текстов определител УДК Народни приказки
УДК код - определител по УДК 398.21
УДК - код + определител 398.21
100 1# - Редна дума - Автор
Автор Dedopulos, Tim
Авторска отговорност първи автор
R(LIN) 8191
139 ## - Редно поле
Редна дума Dedopulos, Tim
Авторски знак De - D 29
245 10 - Сведения за заглавието
Заглавие Wizards
Подзаглавни данни A Magical History Tour
Редно поле (дума) Tim Dedopulos
257 ## - Страна на издаване
Страна на създаване/издаване България
260 ## - Област на издателските данни
Година на издаване 2001
Място на издаване, разпространение и проч. London
300 ## - Физическа характеристика
Страници 128 с.
Размери/Мащаб 29 см
380 ## - Жанр
Жанр Детска отраслова лит.
852 ## - Местоположение
Форматна сигнатура Цб ІІ 21449
856 4# - Електронен адрес и достъп
Електронен формат pdf - файл
856 4# - Електронен адрес и достъп
Електронен формат pdf - файл
999 ## - СИСТЕМНИ КОНТРОЛНИ НОМЕРА
Koha biblionumber 181223
Koha biblioitemnumber 181223
942 ## - АРТИКУЛИ
Вид на библиотечния материал Книги
Скрит в OPAC Не
Koha issues (borrowed), all copies 2
944 ## - СЪЗДАВАНЕ И РЕДАКЦИЯ на ЗАПИСА
Създаване/Редакция Създаване
Дата на регистрацията/редакция 26.08.2016
Служител, извършил регистрацията/редакцията 30551
Статус, дата на статуса Бояна Костадинова
944 ## - СЪЗДАВАНЕ И РЕДАКЦИЯ на ЗАПИСА
Създаване/Редакция Редакция
Дата на регистрацията/редакция 31.08.2016
Служител, извършил регистрацията/редакцията Пенка_Димитрова
999 ## - СИСТЕМНИ КОНТРОЛНИ НОМЕРА
Koha biblioitemnumber 181223
999 ## - СИСТЕМНИ КОНТРОЛНИ НОМЕРА
Koha biblioitemnumber 181223
Наличности
Код за отписване Код за изгубен артикул Източник на класификационната схема Код за повреда Коз за рестрикции Код за отдаване Артикулен № Име на библиотеката - собственик Име на библиотеката, в която се намира в момента Статус (Текущо местоположение) Дата на вписване в системата Местоположение - отдел Цена в лева Инвентарен номер Систематично азбучна сигнатура Баркод Номер на екземпляра Цена в евро Служебна бележка Служебен тип на артикула
  Не е изгубен Universal Decimal Classification Не е повреден без рестрикции заемане за дома 310475 Регионална библиотека "Любен Каравелов" Русе Регионална библиотека "Любен Каравелов" Русе Детски отдел 2016-08-30 Детски отдел 34.00 120000803543 3/D 29 T 120000803543 1 17.38 Дост: DA Вид: А N: 33 Дата: 30.08.2016 Книги
Vip Innovations Ltd, Rousse, Bulgaria 2025